LIBRARY & INFORMATION CENTRE, KCAET, TAVANUR

ONLINE PUBLIC ACCESS CATALOGUE (OPAC)

Precision farming in horticulture / (Record no. 15435)

MARC details
000 -LEADER
fixed length control field 00431nam a22001577a 4500
020 ## - INTERNATIONAL STANDARD BOOK NUMBER
ISBN 9789381450475
082 ## - DEWEY DECIMAL CLASSIFICATION NUMBER
Classification number 633.83
Item number SIN/PR
100 ## - MAIN ENTRY--AUTHOR NAME
Personal name Singh , jitendra .
245 ## - TITLE STATEMENT
Title Precision farming in horticulture /
260 ## - PUBLICATION, DISTRIBUTION, ETC. (IMPRINT)
Place of publication New delhi ;
Name of publisher New india publishing agency ,
Year of publication 2013 .
300 ## - PHYSICAL DESCRIPTION
Number of Pages 366 ; .
700 ## - ADDED ENTRY--PERSONAL NAME
Personal name Jain , S K .
700 ## - ADDED ENTRY--PERSONAL NAME
Personal name Dashora , L K .
700 ## - ADDED ENTRY--PERSONAL NAME
Personal name Chundawat ,B S .
942 ## - ADDED ENTRY ELEMENTS (KOHA)
Koha item type Books
Holdings
Withdrawn status Lost status Damaged status Home library Current library Date acquired Full call number Accession Number Koha item type Collection code Shelving location Cost, normal purchase price
      KAUAET KAUAET 04/06/2018 633.83 SIN/PR 25739 Books      
      KAUAET KAUAET 25/08/2022 633.83 JIT/PR 24916 Books General Books General Stacks 1910.00
free website counter